Bio-diesel : (Record no. 60266)

MARC details
000 -LEADER
fixed length control field 01281nam a22003137a 4500
005 - DATE AND TIME OF LATEST TRANSACTION
control field 20120104100649.0
008 - FIXED-LENGTH DATA ELEMENTS--GENERAL INFORMATION
fixed length control field 120104t xxu||||| |||| 00| 0 eng d
010 ## - LCCN (DPL NO)
LC control number ENG-104564
020 ## - INTERNATIONAL STANDARD BOOK NUMBER
International Standard Book Number 9788189973506
Terms of availability 460.00
020 ## - INTERNATIONAL STANDARD BOOK NUMBER
International Standard Book Number 8189973509
Terms of availability 460.00
035 ## - SYSTEM CONTROL NUMBER
System control number EN-88097
037 ## - SOURCE OF ACQUISITION
Source of stock number/acquisition DBAD/PUB
040 ## - CATALOGING SOURCE
Original cataloging agency DPL
Language of cataloging eng
082 04 - DEWEY DECIMAL CLASSIFICATION NUMBER
Classification number 662.669
100 1# - MAIN ENTRY--PERSONAL NAME
Personal name Sastry, Gadepalli Ravi Kiran
9 (RLIN) 38049
Dates associated with a name 1972-
245 10 - TITLE STATEMENT
Title Bio-diesel :
Statement of responsibility, etc by Gadepalli Ravi Kiran Sastry
Remainder of title biodegradable alternative fuel for diesel engines /
260 ## - PUBLICATION, DISTRIBUTION, ETC. (IMPRINT)
Place of publication, distribution, etc New Delhi
Name of publisher, distributor, etc Readworthy Publications
Date of publication, distribution, etc 2008
270 ## - ADDRESS
Address 4735/22, Prakash Deep Building. Ground Floor, Ansari Road, Darya Ganj
City New Delhi
Postal code 110002
300 ## - PHYSICAL DESCRIPTION
Extent xv,165p. :
Dimensions 23cm(Hb)
Other physical details ill.
500 ## - GENERAL NOTE
General note Includes bibliographical references and index.
520 ## - SUMMARY, ETC.
Summary, etc Study conducted in Bhopal, India.
650 #0 - SUBJECT ADDED ENTRY--TOPICAL TERM
Topical term or geographic name as entry element Biodiesel fuels
9 (RLIN) 38050
General subdivision Research
650 #0 - SUBJECT ADDED ENTRY--TOPICAL TERM
Topical term or geographic name as entry element Diesel motor
9 (RLIN) 38051
General subdivision Alternative fuels
650 #0 - SUBJECT ADDED ENTRY--TOPICAL TERM
Topical term or geographic name as entry element Diesel motor
9 (RLIN) 38063
General subdivision Vibration
650 #0 - SUBJECT ADDED ENTRY--TOPICAL TERM
Topical term or geographic name as entry element Diesel motor
9 (RLIN) 38064
General subdivision Noise
942 ## - ADDED ENTRY ELEMENTS (KOHA)
Source of classification or shelving scheme Dewey Decimal Classification
Item type English Books
Classification part 662.669
Call number suffix SAS
Holdings
Withdrawn status Lost status Source of classification or shelving scheme Damaged status Not for loan Collection code Home library Current library Date acquired Source of acquisition Cost, normal purchase price Total Checkouts Full call number Barcode Date last seen Copy number Cost, replacement price Koha item type
    Dewey Decimal Classification   Not For Loan Non-fiction D.B.Act.Division D.B.Act.Division 04/01/2012 DBAD/PUB 460.00   662.669 SAS EN-88097 04/01/2012 1 460.00 English Books

© Delhi Public Library
Hit Counter
free hit counter